000
00416nam a2200169Ia 4500
008
090711s9999 xx 000 0 und d
082
_b
48386
100
_a
निसळ शांता
245
_a
बंधन
260
_c
1984
300
_a
173
600
_a
निसळ शांता
630
_a
बंधन
700
_a
निसळ शांता
730
_a
बंधन
942
_c
BOOK
999
_c
299966
_d
299966